Sports Quiz

Random Sports Quiz

Texas Sports Teams Quiz Stats

 Plays Quiz not verified by Sporcle

Score 0/32 Timer 10:00
0 Plays Today
Hint Answer % Correct
MLBTexas Rangers
100%
NFLDallas Cowboys
100%
NFLHouston Texans
100%
NBAHouston Rockets
100%
NBADallas Mavericks
100%
NBASan Antonio Spurs
100%
MLBHouston Astros
96.3%
NHLDallas Stars
92.6%
WNBASan Antonio Stars
92.6%
AHL Texas Stars
92.3%
MLSFC Dallas
70.4%
MLSHouston Dynamo
63%
Texas LeagueCorpis Christi Hooks
46.2%
Texas League Frisco Roughriders
38.5%
AHLSan Antonio Rampage
38.5%
WNBADallas Wings
37%
Hint Answer % Correct
Texas League San Antonio Missions
34.6%
Texas League Midland Rockhounds
34.6%
ECHLAllen Americans
30.8%
PCLRound Rock Express
30.8%
ULBRio Grande Valley White Wings
27.8%
PCLEl Paso Chihuahuas
22.2%
NBA D-LeagueTexas Legends
22.2%
NBA D-LeagueRio Grande Valley Vipers
22.2%
PASLDallas Sidekicks
22.2%
PASLTexas Strikers
22.2%
CIFTexas Revolution
20%
AFLSan Antonio Talons
16.7%
NASLSan Antonio Scorpions
16.7%
WNBAHouston Comets
16.7%
NBA D-LeagueAustin Toros
16.7%
ULB Laredo Broncos
16.7%

You're not logged in!

Compare scores with friends on all Sporcle quizzes.
OR
Log In

Sporcle TV

Today on Sporcle TV


Watch our educational content, quiz creation guides, and fun videos on Sporcle TV.

Show Comments

Extras

Created Jul 22, 2016ReportNominate
Tags:tea, team

Top Quizzes Today


Score Distribution

Your Account Isn't Verified!

In order to create a playlist on Sporcle, you need to verify the email address you used during registration. Go to your Sporcle Settings to finish the process.

Report this User

Report this user for behavior that violates our Community Guidelines.

Details: